| 000 | 01165nam a22002777a 4500 | ||
|---|---|---|---|
| 999 |
_c117093 _d117093 |
||
| 003 | dpl | ||
| 005 | 20190410131445.0 | ||
| 008 | 190410b ||||| |||| 00| 0 eng d | ||
| 010 | _aB-172571 | ||
| 020 |
_c150.00 _a817714197 |
||
| 035 | _aB-172571, B-172575 | ||
| 037 | _bCen Lib/Ret | ||
| 040 |
_aDPL _bHN _c0 |
||
| 082 |
_aक _bअरवि |
||
| 100 |
_aअरविन्द कुमार सिंह _98559 |
||
| 245 |
_aउसका सच : _cअरविन्द कुमार सिंह _bकहानी संग्रह / |
||
| 246 |
_aUska sach : kahani sangreh / _bby Arvind Kumar Singh |
||
| 260 |
_aनयी दिल्ली _bप्रकाशन संस्थान _c2006 |
||
| 270 |
_bनयी दिल्ली _a4715/21, दयानन्द मार्ग, दरियागंज _e110002 |
||
| 300 |
_a151पृ. _c21सेमी(सजिल्द) |
||
| 650 |
_aहिन्दी साहित्य _970033 |
||
| 650 |
_aहिन्दी -- कहानियाँ _970034 |
||
| 650 |
_aHindi literature _970035 |
||
| 650 |
_aHindi -- Stories _970036 |
||
| 942 |
_2ddc _cHN _hक _mअरवि |
||